000 00697nam a2200277Ia 4500
005 20260324140251.0
008 008 260324s9999 xx 000 0 eng d
020 _a9780203763841
037 _aEBOOK
040 _aCRL
040 _beng
040 _cCRL
041 _2eng
041 _aeng
084 _qCRL
100 _aMargaret Lang; Anthony Lodge; Richard Wakely; Robin Adamson; Geoff Hare; James Coleman
_91203745
245 0 _aLe Francais en Faculte
260 _bTaylor and Francis
260 _c1999
365 _a
365 _b230
856 _uhttp://www.taylorfrancis.com/books/9780203763841
942 _cEBOOK
999 _c1805649
_d1805649